| 000 | 00608nam a22002177a 4500 | ||
|---|---|---|---|
| 999 |
_c7504 _d7504 |
||
| 001 | 21084 | ||
| 003 | BD-DhUAP | ||
| 005 | 20210123150740.0 | ||
| 008 | 210123s2010 nyua|||| |||| 001 0 eng d | ||
| 020 | _a9781416059516 | ||
| 040 |
_aBD-DhUAP _bEng _cBD-DhUAP _dBD-DhUAP |
||
| 082 |
_223 _a612 NET |
||
| 100 | _aNette, Frank H. | ||
| 245 |
_aAtlas of human anatomy / _cFrank H. Nette. |
||
| 250 | _a5th ed. | ||
| 260 |
_aPhiladelphia, PA : _bSaunders/Elsevier, _c©2011. |
||
| 300 |
_avarious pages : _billustrations ; _c29 cm. |
||
| 500 | _aIncludes index. | ||
| 650 | _aHuman anatomy. | ||
| 942 |
_2ddc _cBK |
||